| 000 | 00362nam a2200133Ia 4500 | ||
|---|---|---|---|
| 008 | 220530s9999 xx 000 0 und d | ||
| 020 | _a9789351528722 | ||
| 040 | _aeng | ||
| 100 |
_aCATALANO _960245 |
||
| 245 | _aNSG. NOW TODAY ISSUE TOMORROW TRENDS | ||
| 250 | _aFOURTH | ||
| 260 |
_aNAGPUR _bJAYPEE PUBLICATION,NAGPUR _c2007 |
||
| 650 |
_aNURSING FOUNDATION _960246 |
||
| 999 |
_c2026 _d2026 |
||